Principles of Power System (Record no. 51732)

000 -LEADER
fixed length control field 00358nam a2200145Ia 4500
008 - FIXED-LENGTH DATA ELEMENTS--GENERAL INFORMATION
fixed length control field 260319s9999 xx 000 0 und d
020 ## - INTERNATIONAL STANDARD BOOK NUMBER
International Standard Book Number 9.7893550108e+012
082 ## - DEWEY DECIMAL CLASSIFICATION NUMBER
Classification number 621.312
Item number MEH/P
100 ## - MAIN ENTRY--PERSONAL NAME
Personal name Mehta,VK
245 #0 - TITLE STATEMENT
Title Principles of Power System
250 ## - EDITION STATEMENT
Edition statement 1st Ed.
260 ## - PUBLICATION, DISTRIBUTION, ETC.
Place of publication, distribution, etc. New Delhi
Name of publisher, distributor, etc. S.Chand Publishing
Date of publication, distribution, etc. 2024
300 ## - PHYSICAL DESCRIPTION
Extent 608p.
942 ## - ADDED ENTRY ELEMENTS (KOHA)
Koha item type Book
Holdings
Withdrawn status Lost status Damaged status Not for loan Collection code Permanent Location Current Location Date acquired Cost, normal purchase price Full call number Barcode Date last seen Price effective from Koha item type
        School of Data Science (Noida) MUIT-NOIDA MUIT-NOIDA 2026-03-19 625.00 621.312 MEH/P DSC01778 2026-03-19 2026-03-19 Book

All Rights Reserved@MUIT

Powered by Koha